000 00296nam a22001337a 4500
008 170508b xxu||||| |||| 00| 0 eng d
020 _a9780735508002
041 _aeng
080 _a34
100 _a15
101 _aSHJ
245 _aFEDERAL RULES OF EVIDENCE
_cMUELLER, C.B
942 _2udc
_cBK
999 _c12993
_d12993